00408pab a2200145 454500008004000000100001400040245006700054260000900121300001200130650002800142650002400170700001600194700002300210773002900233180718b1997 xxu||||| |||| 00| 0 eng d aGang, Fan aPeople's Republic of China: economic performance and prospects c1997 ap.43-85 aEconomic reform - China aEconomic conditions aSabin, Lora aPerkins, Dwight H. aAsian Development Review